Конфиденциальное письмо временного Харьковского генерал-губернатора Лорис-Меликова шефу жандармов о начальнике Харьковского жанд...

RUSMARC
00005758nac2a22003973x 450
00157b30a3c-7f02-49dc-b034-e48067dae3ed
00520240819150413.0
100##$a20240716l1879 k y0rusy50 ca
1010#$arus
102##$aRU
105##$ay z |||||
1220#$ad18790429
2001#$aКонфиденциальное письмо временного Харьковского генерал-губернатора Лорис-Меликова шефу жандармов о начальнике Харьковского жандармского управления Ковалинском
$j29.04.1879
215##$a4 листа
$d32,2 х 23,1
251##$cДело
300##$aЗаголовок дела на папке: Копия письма временного Харьковского генерал-губернатора Лорис-Меликова шефу жандармов о начальнике Харьковского жандармского управления Ковалинском
300##$aНа папке дела: 1879 г.
300##$aРукописный текст
324##$aКопия
325##$aЗамикрофильмировано
330##$aВходит в раздел описи: Материалы по Харьковскому генерал-губернаторству Лорис-Меликова М. Т.
461#0$1001cda3d175-ae4a-411a-8dea-9cc20fb178f6
$12001
$aЛорис-Меликов Михаил Тариелович, граф, министр внутренних дел, главный начальник "верховной распорядительной комиссии по охранению государственного порядка и общественного спокойствия", генерал от кавалерии
$1251
$cФонд
$1852
$j569
462#0$1001163e060a-d7cc-404d-90ee-e28c9801971b
$12001
$aОпись дел фонда М. Т. Лорис-Меликова за 1858-1915 гг.
$vД. 28
$1251
$cОпись
$1852
$j1
5171#$aКопия письма временного Харьковского генерал-губернатора Лорис-Меликова шефу жандармов о начальнике Харьковского жандармского управления Ковалинском
600#1$aЛорис-Меликов
$bМ. Т.
$gМихаил Тариелович
600#1$aКовалинский
60102$aЖандармское управление
$cХарьков
60102$aХарьковский генерал-губернатор
605##$3DITM\AF\0000002775
$aВласть
$lколлекция
$2acquisition_prlib
6101#$aКонфидециальные письма
686##$a63.3(2)535-332ю1
$cИстория
$2rubbk
686##$a67.400.6ю1
$cПраво
$2rubbk
700#1$aЛорис-Меликов
$bМ. Т.
$gМихаил Тариелович
801#0$aRU
$bGA_RF
801#1$aRU
$bГлавНИВЦ
$c20240716
$2rusmarc
801#2$aRU
$bПБ им. Б.Н. Ельцина
$c20240819
$gRCR
$2rusmarc
852##$aГА РФ
$j28
937##$d193617305
$hГАРФ
035##$aRuPRLIB51076379
856##$uhttp://readingroom.main.prlib.ru/item.aspx?id_node=n193617305&mode=full
Формат отображения